New York City: Eponymous Historical Figures Quiz Stats

 Plays Quiz not verified by Sporcle

Score 0/15 Timer 05:00
0 Plays Today
% Correct
Abraham Lincoln
99.7%
John F. Kennedy
97.3%
George Washington
96.6%
Franklin D. Roosevelt
90%
Robert F. Kennedy
84.8%
Fiorello La Guardia
77.4%
Jackie Robinson
74.8%
Joe DiMaggio
74.6%
% Correct
Alexander Hamilton
64.4%
Ed Koch
51.8%
Giovanni da Verrazzano
40.7%
Henry Hudson
37.4%
Clifford Milburn Holland
31.2%
Robert Anderson Van Wyck
14.6%
Hugh L. Carey
13.4%

You're not logged in!

Compare scores with friends on all Sporcle quizzes.
Join for Free
OR
Log In

You Might Also Like...

Show Comments

Extras

Top Quizzes Today


Score Distribution

Your Account Isn't Verified!

In order to create a playlist on Sporcle, you need to verify the email address you used during registration. Go to your Sporcle Settings to finish the process.

Report this User

Report this user for behavior that violates our Community Guidelines.

Details: